=LDR 00000nam 2200000 4500 =001 INLIS000000000039941 =005 20130612145534 =008 ***********************************Ind** =035 ##$$0010-061300000039941 =041 ##$$a Ind =082 ##$$a 92(Pour Julius) =090 ##$$a 92(Pour Julius), Pou i =100 ##$$a Pour, Julius =245 ##$$a Ignatius Slamaet Riyadi, dari mengusir empetei samapi menumpas RMS, Juius Pour =260 ##$$a 2008 $b jakarta =300 ##$$a 263 hlm, ilus, 23 cm =650 ##$$a Rijadi Ignatius Slamet, 1927-1950 =850 ##$$a NBPNMAT